000 00872cam a2200217Ma 4500
001 41098
005 20230411085956.0
008 901030s1985 xxu f 000 0 spa d
035 _a(OCoLC)ocm48293853
040 _aEL$
_bspa
_cEL$
_dOCLCQ
035 _a(OCoLC)48293853
084 _a312.2
_bN1247b
049 _aGRAL
110 2 _aNaciones Unidas.
_bDept. of International Economic and Social Affairs.
245 1 0 _aBase de datos para la mediciâon de la mortalidad :
_bdocumentos de la Reuniâon del Grupo de Trabajo de las Naciones Unidas y la Organizaciâon Mundial de la Salud sobre Base de Datos para la Mediciâon de los Niveles, Tendencias y Diferencias de la Mortalidad, Bangkok, 20 a 23 de octubre.
260 _aNueva York,
_c1985.
300 _ax, 180 p. ;
_c28 cm.
440 0 _aEstudios de poblaciâon ;
_v84
942 _2lcc
_cbk
994 _aC0
_bDRFGD
999 _c110313
_d110313